NBA PLAYER'S JERSEY NUMBERS - Statistics

General Stats
  • This quiz has been taken 113 times
  • The average score is 9 of 16
Answer Stats
Player Jersey No. % Correct
Damian Lillard 0
100%
Anthony Edwards 1 / 5
97%
Patrick Ewing 33 / 6
84%
Hakeem Olajuwon 34
84%
Dennis Rodman 10 / 91 / 73 / 70
81%
Mikal Bridges 25 / 1
80%
Jerry West 44
77%
Jae Crowder 99 / 9
74%
Thanasis Antetokounmpo 43
66%
Ron Artest (Metta World Peace) 15 / 51 / 91 / 93 / 23 / 96 / 37
38%
Boban Marjanović 40 / 51
37%
Shawn Marion 31 / 7 / 0
29%
Luka Garza 55
26%
Artis Gilmore 53
22%
Naji Marshall 5 / 13
20%
AJ Johnson 77
12%
No matching quizzes found
Score Distribution
Percent of People with Each Score
Percentile by Number Answered
Your Score History
You have not taken this quiz